| 000 | 00786nam a2200265Ia 4500 | ||
|---|---|---|---|
| 999 |
_c53670 _d53670 |
||
| 001 | 20717 | ||
| 003 | GE_BSU | ||
| 005 | 20210307224843.0 | ||
| 008 | 181216s2014||||xx |||||||||||||| ||eng|| | ||
| 020 | _a9780199685615 | ||
| 040 | _cGE_BSU | ||
| 041 | _aeng | ||
| 080 | _a349(4) H-80 | ||
| 100 |
_aHorspool, Margot. _910374 |
||
| 245 |
_aEuropean union Law / _bMargot Horspool, Matthew Humphreys. |
||
| 250 | _aEighth edition | ||
| 264 |
_aOxford : _bOxford university Press, _c2014. |
||
| 300 |
_a526 p. ; _c25 cm. |
||
| 541 | _h63 Gel. | ||
| 653 | _aEuropean union Law | ||
| 653 | _aЕвропейский союзный закон | ||
| 653 | _aევროპის კავშირის კანონი | ||
| 700 |
_aHumphreys, Matthew _99699 |
||
| 942 |
_cBK _2udc |
||